O livro do cientista (Record no. 113132)

MARC details
000 -LÍDER
campo de controle de tamanho fixo 00488 a2200205 4500
001 - NÚMERO DE CONTROLE
campo de controle 113132
020 ## - ISBN - INTERNATIONAL STANDARD BOOK NUMBER
ISBN - International Standard Book Number 9788574061610
041 ## - CÓDIGO DE IDIOMA
Código do idioma do texto/trilha sonora ou título diferente por
082 ## - CDD - CLASSIFICAÇÃO DECIMAL DE DEWEY
Número de Classificação 500
040 ## - FONTE DA CATALOGAÇÃO
Instituição da catalogação original BR-BrIDEA
Instituição que transcreveu o registro BR-BrIDEA
090 ## - NÚMERO DE CHAMADA LOCAL
Número de chamada (OCLC) (R); Número de chamada, CALL (RLIN) (NR) P Year 6 500
Número Cutter local (OCLC); Número de classificação do livro, CALL (RLIN) GLE
100 ## - ENTRADA PRINCIPAL--NOME PESSOAL
Nome pessoal Gleiser, Marcelo.
250 ## - EDIÇÃO
Edição . ed.
245 10 - TÍTULO
Título O livro do cientista
Indicação de responsabilidade, etc. Marcelo Gleiser
260 ## - PUBLICAÇÃO, DISTRIBUIÇÃO, ETC.
Local de publicação, distribuição, etc. São Paulo
Nome do editor, distribuidor, etc. Companhia das Letrinhas
Data da publicação, distribuição, etc. 2003
300 ## - DESCRIÇÃO FÍSICA
Extensão 93 p.
697 ## - ENTRADA DE ASSUNTO LOCAL--ENTIDADE COLETIVA (RLIN)
Nome corporativo ou nome da jurisdição Science.
856 ## - LOCALIZAÇÃO ELETRÔNICA E ACESSO
Uniform Resource Identifier <a href="00000e/00000e9a.jpg">00000e/00000e9a.jpg</a>
942 ## - ELEMENTOS DE ENTRADA ADICIONADOS (KOHA)
Tipo de material Koha Livros
Holdings
Situação do descarte Situação das perdas Fonte da classificação ou esquema de arquivamento na estante Situação física Não pode ser emprestado Biblioteca de origem Biblioteca atual Data de aquisição Total de empréstimos Número de chamada completo Código de barras Data de último acesso Data do preço efetivo Tipo de material Koha Data do último empréstimo
    Classificação Decimal de Dewey     ECB - SUDOESTE ECB - SUDOESTE 17/01/2018   P Year 6 500 00032777SSW 23/01/2024 23/01/2024 Livros  
    Classificação Decimal de Dewey     ECB - SUDOESTE ECB - SUDOESTE 26/11/2018   P Year 6 500 00039115SSW 23/01/2024 23/01/2024 Livros  
    Classificação Decimal de Dewey     ECB - SUDOESTE ECB - SUDOESTE 26/11/2018   P Year 6 500 00039118SSW 23/01/2024 23/01/2024 Livros  
    Classificação Decimal de Dewey     ECB - SUDOESTE ECB - SUDOESTE 22/03/2019 1 P Year 6 500 00043249SSW 01/03/2024 23/01/2024 Livros 01/02/2024
    Classificação Decimal de Dewey     ECB - SUDOESTE ECB - SUDOESTE 22/03/2019   P Year 6 500 00043252SSW 23/01/2024 23/01/2024 Livros  
    Classificação Decimal de Dewey     ECB - SUDOESTE ECB - SUDOESTE 26/11/2018   P Year 6 500 00039114SSW 23/01/2024 23/01/2024 Livros  
    Classificação Decimal de Dewey     ECB - SUDOESTE ECB - SUDOESTE 26/11/2018   P Year 6 500 00039119SSW 23/01/2024 23/01/2024 Livros  
    Classificação Decimal de Dewey     ECB - SUDOESTE ECB - SUDOESTE 26/11/2018   P Year 6 500 00039116SSW 23/01/2024 23/01/2024 Livros  
    Classificação Decimal de Dewey     ECB - SUDOESTE ECB - SUDOESTE 22/03/2019 1 P Year 6 500 00043256SSW 16/05/2024 23/01/2024 Livros 01/02/2024
    Classificação Decimal de Dewey     ECB - SUDOESTE ECB - SUDOESTE 08/04/2019   P Year 6 500 00043569SSW 23/01/2024 23/01/2024 Livros  
    Classificação Decimal de Dewey     ECB - SUDOESTE ECB - SUDOESTE 08/04/2019 1 P Year 6 500 00043570SSW 14/06/2024 23/01/2024 Livros 27/05/2024
    Classificação Decimal de Dewey     ECB - SUDOESTE ECB - SUDOESTE 22/03/2019 1 P Year 6 500 00043250SSW 16/05/2024 23/01/2024 Livros 01/02/2024
    Classificação Decimal de Dewey     ECB - SUDOESTE ECB - SUDOESTE 26/11/2018   P Year 6 500 00039117SSW 23/01/2024 23/01/2024 Livros  
    Classificação Decimal de Dewey     ECB - ÁGUAS CLARAS ECB - ÁGUAS CLARAS 22/03/2019   AP Year 6 500 GLE 00043257AGC 23/01/2024 23/01/2024 Livros  
    Classificação Decimal de Dewey     ECB - ÁGUAS CLARAS ECB - ÁGUAS CLARAS 22/03/2019   AP Year 6 500 GLE 00043253AGC 23/01/2024 23/01/2024 Livros  
    Classificação Decimal de Dewey     ECB - ÁGUAS CLARAS ECB - ÁGUAS CLARAS 22/03/2019   AP Year 6 500 GLE 00043255AGC 23/01/2024 23/01/2024 Livros  
    Classificação Decimal de Dewey     ECB - ÁGUAS CLARAS ECB - ÁGUAS CLARAS 22/03/2019   AP Year 6 500 GLE 00043251AGC 23/01/2024 23/01/2024 Livros  
    Classificação Decimal de Dewey     ECB - ÁGUAS CLARAS ECB - ÁGUAS CLARAS 22/03/2019   AP Year 6 500 GLE 00043254AGC 23/01/2024 23/01/2024 Livros  
          Leonardo Da Vinci - Osasco Leonardo Da Vinci - Osasco 27/03/2024   J G468l O011507 27/03/2024 27/03/2024 Livros